| 000 | 00766cab a2200193 4500 | ||
|---|---|---|---|
| 001 | ABS41905 | ||
| 008 | 090401t1989 xxu||||| |||| 00| 0 eng d | ||
| 035 | _a(Sirsi) u33388 | ||
| 041 | _aeng | ||
| 100 | _aLee, M. | ||
| 245 | _aBusiness rates - the transitional arrangements | ||
| 260 | _c1989 | ||
| 350 | _a0 | ||
| 490 |
_aRVA Monthly _vDecember 1989 327-328(2) |
||
| 520 | _aAn examination of the phasing in arrangements for business rates. Highlights some of the queries raised, including the position of properties, which are to be occupied just before 31 March 1990, the calculation of the annual limit on increases and decreases in rate bills and adjustments, which can be made. | ||
| 690 | _aRATING AND VALUATION | ||
| 942 | _n0 | ||
| 948 | _c04/03/1997 | ||
| 999 |
_c22310 _d22310 |
||